000 00633nam a2200145Ia 4500
008 100204s9999 xx 000 0 und d
082 _b8899
100 _aकेळकर व्दा. वा.
245 _aअर्वााचीन भारतीय शास्त्रज्ञ
260 _b"अनाथ विद्यार्थी गृह प्रकाशन, पुणे"
_c1970 2
300 _a89
630 _aअर्वााचीन भारतीय शास्त्रज्ञ
730 _aअर्वााचीन भारतीय शास्त्रज्ञ
942 _cBOOK
999 _c453335
_d453332